000 00596nam a2200181 4500
001 109705
003 ES-MaACL
005 20250907063100.0
007 t|
008 061121s1969 sp r ||||1| spa d
100 1 _aMuntadas, Juan Federico,
_d1826-1912
_9130282
245 1 3 _aEl Monasterio de Piedra
_b: Su historia, Valles, cascadas y grutas. Leyendas /
_cLeandro Jonet (seud.).
250 _a7ª. ed.
260 _aZaragoza :
_b[s.n.],
_c1969 (
_fGráf. La Moderna)
300 _aXV, 111 p., 10 lám ;
_c17 cm.
852 _aES-MaACL
_jC-44441
_bR.71937
999 _c109705
_d109705